[Event "Nuremberg Zabo op 23rd"]
[Site "Nuremberg"]
[Date "2023.09.16"]
[Round "3"]
[White "Weist, Thorsten"]
[Black "Danninger, Hugo Kian"]
[Result "0-1"]
[WhiteElo "1820"]
[BlackElo "1806"]
[PlyCount "54"]
[EventDate "2023.09.15"]
[EventType "swiss"]
[EventRounds "5"]
[EventCountry "GER"]
[SourceTitle "EXT 2024"]
[Source "ChessBase"]
[SourceDate "2023.10.10"]
[SourceVersion "1"]
[SourceVersionDate "2023.10.10"]
[SourceQuality "1"]

1. d4 e6 2. Nf3 d5 3. c4 Nf6 4. Nc3 Be7 5. Bg5 h6 6. Bh4 0-0 7. e3 b6 8. cxd5 exd5 9. Bd3 Nbd7 10. 0-0 Bb7 11. Rc1 c5 12. Re1 Re8 13. b3 Rc8 14. Ne5 Nxe5 15. dxe5 Ne4 16. Bxe7 Qxe7 17. f4 Nxc3 18. Rxc3 Rcd8 19. Qe2 f6 20. e4 d4 21. Bc4+ Kh8 22. Rg3 fxe5 23. f5 Rf8 24. Rf1 Bc6 25. Qd2 Bxe4 26. Rg6 Bxf5 27. Rxf5 Rxf5 0-1

[Event "Muensterland Regionalliga Gr1 2223"]
[Site "Germany"]
[Date "2022.11.05"]
[Round "3.6"]
[White "Weist, Thorsten"]
[Black "Hoge, Reinhard"]
[Result "1/2-1/2"]
[WhiteElo "1770"]
[BlackElo "1834"]
[PlyCount "115"]
[EventDate "2022.09.03"]
[EventType "team-tourn"]
[EventRounds "7"]
[EventCountry "GER"]
[SourceTitle "EXT 2024"]
[Source "ChessBase"]
[SourceDate "2023.10.10"]
[SourceVersion "1"]
[SourceVersionDate "2023.10.10"]
[SourceQuality "1"]
[WhiteTeam "Emsdetten Rochade"]
[BlackTeam "Saerbeck"]
[WhiteTeamCountry "GER"]
[BlackTeamCountry "GER"]

1. d4 Nf6 2. Nf3 g6 3. c4 Bg7 4. Nc3 0-0 5. e4 d6 6. Be2 Bg4 7. 0-0 Nfd7 8. Be3 e5 9. d5 Bxf3 10. Bxf3 a5 11. Be2 Na6 12. a3 Ndc5 13. Qc2 Qd7 14. Bxc5 dxc5 15. Rad1 f5 16. f4 exf4 17. Rxf4 Be5 18. Rf3 f4 19. Rdf1 g5 20. Rh3 Kh8 21. Qd1 Qg7 22. Bg4 Rf6 23. Bf5 Rh6 24. Rxh6 Qxh6 25. Rf3 g4 26. Bxg4 Qg5 27. Be6 Rf8 28. Qe2 Rf6 29. Bf5 Rh6 30. Rh3 Rxh3 31. Bxh3 Qh4 32. Kf1 c6 33. Qg4 Qxg4 34. Bxg4 Nc7 35. Bc8 cxd5 36. cxd5 b5 37. Ke2 c4 38. Kd2 b4 39. axb4 axb4 40. Nd1 Nb5 41. Ba6 Nd6 42. Kc2 b3+ 43. Kc1 Kg7 44. Nf2 h5 45. Nh3 Kf6 46. Ng1 c3 47. bxc3 Bxc3 48. Ne2 Be5 49. Bd3 Nb7 50. Ng1 Nc5 51. Bb1 Na4 52. Nf3 Ba1 53. h3 Bc3 54. Nd2 Bb2+ 55. Kd1 Nc3+ 56. Ke1 Nxb1 57. Nxb1 Ke5 58. Ke2 1/2-1/2

[Event "Muensterland Regionalliga playoff Gr2"]
[Site "Germany"]
[Date "2022.05.21"]
[Round "4.3"]
[White "Weist, Thorsten"]
[Black "Rosing, Hermann"]
[Result "0-1"]
[WhiteElo "1743"]
[BlackElo "1976"]
[PlyCount "124"]
[EventDate "2022.03.19"]
[EventType "team-tourn"]
[EventRounds "5"]
[EventCountry "GER"]
[SourceTitle "EXT 2023"]
[Source "ChessBase"]
[SourceDate "2022.10.05"]
[SourceVersion "1"]
[SourceVersionDate "2022.10.05"]
[SourceQuality "1"]
[WhiteTeam "Emsdetten Rochade"]
[BlackTeam "Ahaus Wessum"]
[WhiteTeamCountry "GER"]
[BlackTeamCountry "GER"]

1. d4 b6 2. Nf3 Bb7 3. c4 e6 4. Nc3 f5 5. e3 Nf6 6. Be2 Be7 7. 0-0 0-0 8. Ne5 Ne4 9. f3 Nxc3 10. bxc3 Nc6 11. Nxc6 Bxc6 12. d5 Bb7 13. a4 Bc5 14. Qd3 Qe7 15. a5 exd5 16. a6 dxc4 17. Qxc4+ d5 18. Qb5 Bc8 19. Kh1 Bd7 20. Qb3 c6 21. c4 d4 22. Ba3 dxe3 23. Bxc5 Qxc5 24. Rad1 Be6 25. f4 Rfe8 26. Rf3 Bf7 27. Qc3 Rad8 28. Rxd8 Rxd8 29. Rg3 Qd4 30. Qxe3 Qa1+ 31. Qg1 Qxa6 32. Rd3 Qc8 33. Qd1 Rxd3 34. Qxd3 g6 35. h3 Qc7 36. Bf3 a5 37. h4 Qe7 38. h5 a4 39. h6 Qe1+ 40. Kh2 Qh4+ 41. Kg1 Qxh6 42. Qd8+ Qf8 43. Qxb6 Bxc4 44. Qxc6 Qb4 45. Qe8+ Kg7 46. Qe5+ Kh6 47. g4 fxg4 48. Qg5+ Kg7 49. Qe5+ Kg8 50. Bd5+ Bxd5 51. Qxd5+ Kf8 52. Qd8+ Kg7 53. Qd7+ Kh6 54. Qxg4 a3 55. Qg5+ Kg7 56. Qe5+ Kf7 57. Qd5+ Ke7 58. Qe5+ Kd7 59. Qd5+ Kc7 60. Qf7+ Kc6 61. Qe6+ Kb5 62. Qd5+ Qc5+ 0-1

[Event "Muensterland Verbandsklasse 1819"]
[Site "Germany"]
[Date "2019.04.06"]
[Round "8.3"]
[White "Kasubke, Manfred"]
[Black "Weist, Thorsten"]
[Result "1-0"]
[WhiteElo "1846"]
[BlackElo "1724"]
[PlyCount "113"]
[EventDate "2018.09.15"]
[EventType "team-tourn"]
[EventRounds "9"]
[EventCountry "GER"]
[SourceTitle "EXT 2020"]
[Source "ChessBase"]
[SourceDate "2019.10.17"]
[SourceVersion "1"]
[SourceVersionDate "2019.10.17"]
[SourceQuality "1"]
[WhiteTeam "Nordwalde"]
[BlackTeam "Nienberge II"]
[WhiteTeamCountry "GER"]
[BlackTeamCountry "GER"]

1. e4 c5 2. Nc3 Nc6 3. f4 e6 4. Bc4 a6 5. a4 Nge7 6. d3 d5 7. Ba2 dxe4 8. dxe4 Qxd1+ 9. Nxd1 Nd4 10. Ne3 Bd7 11. c3 Ndc6 12. Nc4 Nc8 13. a5 Nd6 14. Nb6 Rd8 15. Bb1 Be7 16. Nf3 0-0 17. Be3 Nc8 18. Nc4 Nd6 19. Ncd2 Nb5 20. Nb3 e5 21. Nxc5 exf4 22. Nxd7 Rxd7 23. Bxf4 Rfd8 24. Bc2 Bd6 25. Be3 Bc7 26. Bb6 Bxb6 27. axb6 Nd6 28. 0-0 Nc4 29. Bb3 N4e5 30. Nxe5 Nxe5 31. Bd5 Kf8 32. c4 Nd3 33. b3 Nb4 34. Ra4 Nxd5 35. exd5 Ke7 36. Rd1 Kd6 37. b4 Ke5 38. Ra2 f5 39. Re2+ Kf6 40. Kf2 Rd6 41. Rde1 Rxb6 42. Re6+ Rxe6 43. Rxe6+ Kf7 44. Rb6 Rd7 45. Ke3 g5 46. Kd4 f4 47. Re6 g4 48. Re4 f3 49. gxf3 gxf3 50. Rf4+ Ke7 51. c5 b6 52. c6 Rd8 53. Rxf3 Rg8 54. Re3+ Kd6 55. Re6+ Kc7 56. Re7+ Kd6 57. Rd7# 1-0

[Event "Muensterland Verbandsklasse 1819"]
[Site "Germany"]
[Date "2019.02.09"]
[Round "6.6"]
[White "Weist, Thorsten"]
[Black "Horstmann, Michael1111"]
[Result "1/2-1/2"]
[WhiteElo "1724"]
[BlackElo "1678"]
[PlyCount "111"]
[EventDate "2018.09.15"]
[EventType "team-tourn"]
[EventRounds "9"]
[EventCountry "GER"]
[SourceTitle "EXT 2020"]
[Source "ChessBase"]
[SourceDate "2019.10.17"]
[SourceVersion "1"]
[SourceVersionDate "2019.10.17"]
[SourceQuality "1"]
[WhiteTeam "Nienberge II"]
[BlackTeam "Rheine Klein Berlin II"]
[WhiteTeamCountry "GER"]
[BlackTeamCountry "GER"]

1. d4 Nf6 2. Nf3 e6 3. c4 Nc6 4. Nc3 Bb4 5. a3 Bxc3+ 6. bxc3 Na5 7. e3 b6 8. Bd3 Ba6 9. Nd2 0-0 10. Qc2 d5 11. cxd5 Bxd3 12. Qxd3 exd5 13. 0-0 Re8 14. c4 c6 15. a4 Ne4 16. Nxe4 Rxe4 17. f3 Re6 18. cxd5 cxd5 19. e4 Rc8 20. Bd2 Nc4 21. e5 Rec6 22. Rac1 Qc7 23. f4 Nxd2 24. Rxc6 Qxc6 25. Qxd2 Qxa4 26. f5 Rc2 27. Qf4 Rc4 28. e6 Qe8 29. f6 gxf6 30. Qg3+ Kh8 31. exf7 Qxf7 32. Qb8+ Kg7 33. Rf3 h6 34. Rg3+ Kh7 35. Qf4 Qh5 36. Rf3 Qg6 37. Qxf6 Qxf6 38. Rxf6 Kg7 39. Rd6 Rxd4 40. Rd7+ Kg6 41. Rxa7 b5 42. Kf2 Rd2+ 43. Kf3 d4 44. Rb7 Rb2 45. Rd7 Rb3+ 46. Ke4 Rb2 47. Kf3 Rb4 48. g4 Rc4 49. h4 b4 50. Rd6+ Kg7 51. g5 hxg5 52. hxg5 Rc3+ 53. Ke4 Rg3 54. Rxd4 b3 55. Rd7+ Kg6 56. Rb7 1/2-1/2

[Event "Muensterland Verbandsklasse 1819"]
[Site "Germany"]
[Date "2018.12.08"]
[Round "4.4"]
[White "Schulte, Ralf"]
[Black "Weist, Thorsten"]
[Result "1/2-1/2"]
[WhiteElo "1803"]
[BlackElo "1724"]
[PlyCount "85"]
[EventDate "2018.09.15"]
[EventType "team-tourn"]
[EventRounds "9"]
[EventCountry "GER"]
[SourceTitle "EXT 2020"]
[Source "ChessBase"]
[SourceDate "2019.10.17"]
[SourceVersion "1"]
[SourceVersionDate "2019.10.17"]
[SourceQuality "1"]
[WhiteTeam "Emsdetten Rochade III"]
[BlackTeam "Nienberge II"]
[WhiteTeamCountry "GER"]
[BlackTeamCountry "GER"]

1. d4 Nf6 2. Nf3 g6 3. Bf4 d6 4. h3 Bg7 5. e3 0-0 6. Be2 Nbd7 7. 0-0 Re8 8. c4 e5 9. Bh2 exd4 10. exd4 Ne4 11. Nc3 Nxc3 12. bxc3 Nb6 13. Re1 Be6 14. Qb3 Qd7 15. a4 a5 16. Bf4 Re7 17. Be3 Rae8 18. Red1 Qc8 19. Bd3 Bf5 20. Ne1 Bxd3 21. Nxd3 Qe6 22. Nb2 Kh8 23. Rac1 f5 24. d5 Qe4 25. Bd4 Qf4 26. c5 Bxd4 27. cxd4 dxc5 28. dxc5 Nd7 29. d6 cxd6 30. cxd6 Re6 31. Nc4 Re2 32. Rf1 b6 33. Nxb6 Qxd6 34. Qc3+ Kg8 35. Nxd7 Qxd7 36. Qxa5 R2e4 37. Qb5 Qxb5 38. axb5 Rb8 39. Rb1 Re5 40. b6 Re6 41. b7 Re7 42. Rfc1 Rbxb7 43. Rxb7 1/2-1/2

[Event "Staufer op-B 30th"]
[Site "Schwaebisch Gmuend"]
[Date "2018.01.05"]
[Round "8"]
[White "Petrashov, Alexander"]
[Black "Weist, Thorsten"]
[Result "1-0"]
[WhiteElo "1992"]
[BlackElo "1813"]
[PlyCount "55"]
[EventDate "2018.01.02"]
[EventType "swiss"]
[EventRounds "9"]
[EventCountry "GER"]
[SourceTitle "EXT 2019"]
[Source "ChessBase"]
[SourceDate "2018.10.10"]
[SourceVersion "1"]
[SourceVersionDate "2018.10.10"]
[SourceQuality "1"]

1. d4 Nf6 2. Nf3 g6 3. Bf4 Bg7 4. c4 d6 5. Nc3 0-0 6. h3 Nbd7 7. Qd2 c5 8. d5 a6 9. e4 Re8 10. Be2 Nf8 11. Rd1 Bd7 12. 0-0 b5 13. e5 b4 14. Nb1 Ne4 15. Qe3 f5 16. e6 Bc8 17. Nbd2 g5 18. Bxg5 Nxg5 19. Qxg5 Ng6 20. Bd3 Rf8 21. Bxf5 Bxb2 22. Bxg6 hxg6 23. Qxg6+ Bg7 24. Ng5 Rf6 25. Qh7+ Kf8 26. Nde4 Rh6 27. Qf5+ Bf6 28. Nf7 1-0

[Event "Staufer op-B 30th"]
[Site "Schwaebisch Gmuend"]
[Date "2018.01.04"]
[Round "6"]
[White "Wezel, Sebastian"]
[Black "Weist, Thorsten"]
[Result "1/2-1/2"]
[WhiteElo "1869"]
[BlackElo "1813"]
[PlyCount "45"]
[EventDate "2018.01.02"]
[EventType "swiss"]
[EventRounds "9"]
[EventCountry "GER"]
[SourceTitle "EXT 2019"]
[Source "ChessBase"]
[SourceDate "2018.10.10"]
[SourceVersion "1"]
[SourceVersionDate "2018.10.10"]
[SourceQuality "1"]

1. e4 c5 2. d4 cxd4 3. c3 d3 4. Bxd3 Nc6 5. c4 d6 6. h3 Nf6 7. Nc3 g6 8. Nf3 Bg7 9. Be3 0-0 10. Rc1 e6 11. Be2 h6 12. Qd2 Kh7 13. Rd1 Ne8 14. g4 a6 15. c5 d5 16. exd5 exd5 17. Nxd5 Be6 18. Nb6 Qxd2+ 19. Rxd2 Rd8 20. Rxd8 Nxd8 21. b3 Nc6 22. Bc4 Nc7 23. 0-0 1/2-1/2

[Event "Nuremberg-ch op 06th"]
[Site "Nuremberg"]
[Date "2006.06.04"]
[Round "5.29"]
[White "Weist, Thorsten"]
[Black "Lais, Thomas"]
[Result "1/2-1/2"]
[WhiteElo "1704"]
[BlackElo "1886"]
[PlyCount "26"]
[EventDate "2006.06.02"]
[EventType "swiss"]
[EventRounds "5"]
[EventCountry "GER"]
[SourceTitle "EXT 2007"]
[Source "ChessBase"]
[SourceDate "2006.11.23"]
[SourceVersion "1"]
[SourceVersionDate "2006.11.23"]
[SourceQuality "1"]

1. d4 Nf6 2. c4 g6 3. Nc3 d5 4. Bg5 Ne4 5. Bf4 c6 6. e3 Qa5 7. Qb3 g5 8. Bg3 e6 9. Be5 f6 10. Bg3 Bb4 11. Rc1 h5 12. c5 e5 13. f3 Nxg3 1/2-1/2

[Event "Nuremberg-ch op 06th"]
[Site "Nuremberg"]
[Date "2006.06.04"]
[Round "4.42"]
[White "Weist, Thorsten"]
[Black "Sabnew, Andrej"]
[Result "1-0"]
[WhiteElo "1704"]
[BlackElo "1385"]
[PlyCount "76"]
[EventDate "2006.06.02"]
[EventType "swiss"]
[EventRounds "5"]
[EventCountry "GER"]
[SourceTitle "EXT 2007"]
[Source "ChessBase"]
[SourceDate "2006.11.23"]
[SourceVersion "1"]
[SourceVersionDate "2006.11.23"]
[SourceQuality "1"]

1. d4 d5 2. c4 Nf6 3. Bg5 c6 4. e3 Bf5 5. Nc3 e6 6. Nf3 h6 7. Bh4 Nbd7 8. Rc1 Be7 9. cxd5 cxd5 10. Bd3 Bxd3 11. Qxd3 0-0 12. 0-0 Qb6 13. Rc2 Rfe8 14. Rfc1 Bf8 15. Nb5 Bd6 16. a4 a6 17. Nxd6 Qxd6 18. Qb3 Rab8 19. Bg3 Qe7 20. Bxb8 Rxb8 21. Rc7 b5 22. Ne5 Qe8 23. Nxd7 Nxd7 24. Qc2 Nb6 25. a5 Nc4 26. Qc3 Qd8 27. Rc5 Qxa5 28. Rxc4 Qxc3 29. R4xc3 Kh7 30. Rc8 Rb7 31. R1c7 Rb6 32. Rxf7 Kg6 33. Rcc7 Kh5 34. h3 Kg5 35. Rxg7+ Kf5 36. f3 e5 37. g4+ Kf6 38. Rcf7+ Ke6 1-0

[Event "Nuremberg-ch op 06th"]
[Site "Nuremberg"]
[Date "2006.06.02"]
[Round "1.17"]
[White "Wagner, Florian"]
[Black "Weist, Thorsten"]
[Result "1-0"]
[WhiteElo "2069"]
[BlackElo "1704"]
[PlyCount "33"]
[EventDate "2006.06.02"]
[EventType "swiss"]
[EventRounds "5"]
[EventCountry "GER"]
[SourceTitle "EXT 2007"]
[Source "ChessBase"]
[SourceDate "2006.11.23"]
[SourceVersion "1"]
[SourceVersionDate "2006.11.23"]
[SourceQuality "1"]

1. e4 c5 2. Nf3 Nc6 3. d4 cxd4 4. Nxd4 Nf6 5. Nc3 e5 6. Ndb5 d6 7. Nd5 Nxd5 8. exd5 Ne7 9. c4 a6 10. Qa4 axb5 11. Qxa8 bxc4 12. Bxc4 Qb6 13. 0-0 g6 14. Be3 Qb4 15. Rfc1 e4 16. Bd4 Rg8 17. a3 1-0

[Event "Nuremberg-ch op 04th"]
[Site "Nuremberg"]
[Date "2004.05.23"]
[Round "4"]
[White "Lingl, Peter"]
[Black "Weist, Thorsten"]
[Result "0-1"]
[WhiteElo "1378"]
[BlackElo "1659"]
[PlyCount "40"]
[EventDate "2004.05.21"]
[EventType "swiss"]
[EventRounds "5"]
[EventCountry "GER"]
[SourceTitle "EXT 2006"]
[Source "ChessBase"]
[SourceDate "2005.11.24"]
[SourceVersion "1"]
[SourceVersionDate "2005.11.24"]
[SourceQuality "1"]

1. e4 c5 2. Bc4 d6 3. f4 Nc6 4. Nf3 Nf6 5. d3 e6 6. Nc3 Be7 7. Be3 d5 8. e5 Ng4 9. Ng5 Nxe3 10. Qe2 Nxc4 11. dxc4 Bxg5 12. fxg5 0-0 13. h4 dxc4 14. Qxc4 Qd4 15. Qf1 Qxe5+ 16. Ne2 Nd4 17. Rd1 Rd8 18. Rd2 Bd7 19. c4 Bc6 20. Rh2 Qxh2 0-1

[Event "Nuremberg-ch op 04th"]
[Site "Nuremberg"]
[Date "2004.05.23"]
[Round "5"]
[White "Weist, Thorsten"]
[Black "Knollhuber, Peter"]
[Result "0-1"]
[WhiteElo "1659"]
[BlackElo "1753"]
[PlyCount "60"]
[EventDate "2004.05.21"]
[EventType "swiss"]
[EventRounds "5"]
[EventCountry "GER"]
[SourceTitle "EXT 2006"]
[Source "ChessBase"]
[SourceDate "2005.11.24"]
[SourceVersion "1"]
[SourceVersionDate "2005.11.24"]
[SourceQuality "1"]

1. d4 d5 2. c4 c6 3. Nc3 e6 4. Nf3 dxc4 5. e3 b5 6. a4 Bb4 7. Bd2 a5 8. axb5 Bxc3 9. Bxc3 cxb5 10. Ne5 Bb7 11. Qg4 Qf6 12. Rxa5 Rxa5 13. Bxa5 Nh6 14. Qg3 0-0 15. Bc7 Qf5 16. Be2 Qb1+ 17. Bd1 Nc6 18. 0-0 Nxe5 19. Bxe5 Nf5 20. Bg4 Qxf1+ 21. Kxf1 Nxg3+ 22. Bxg3 Ra8 23. f3 Ra1+ 24. Be1 Rb1 25. e4 Rxb2 26. Bc3 Rb3 27. Ba5 Rb2 28. Bc3 Rb1+ 29. Ke2 b4 30. Be1 c3 0-1

[Event "Nuremberg-ch op 04th"]
[Site "Nuremberg"]
[Date "2004.05.22"]
[Round "3"]
[White "Weist, Thorsten"]
[Black "Hennemann, Herbert"]
[Result "1/2-1/2"]
[WhiteElo "1659"]
[BlackElo "1494"]
[PlyCount "162"]
[EventDate "2004.05.21"]
[EventType "swiss"]
[EventRounds "5"]
[EventCountry "GER"]
[SourceTitle "EXT 2006"]
[Source "ChessBase"]
[SourceDate "2005.11.24"]
[SourceVersion "1"]
[SourceVersionDate "2005.11.24"]
[SourceQuality "1"]

1. d4 Nf6 2. c4 e6 3. Nc3 d5 4. Nf3 c5 5. cxd5 cxd4 6. Nxd4 Nxd5 7. e3 a6 8. Bd2 Bd7 9. Nxd5 exd5 10. Qb3 Bc6 11. Rc1 Qd7 12. Be2 Be7 13. 0-0 0-0 14. Bf3 a5 15. h3 a4 16. Qc3 Ra6 17. Bg4 f5 18. Nxf5 Rxf5 19. Qc2 g6 20. Bxf5 Qxf5 21. Qxf5 gxf5 22. Bc3 Nd7 23. Rfd1 Bf6 24. Bxf6 Nxf6 25. Rd4 Kf7 26. Kh2 Ra8 27. Rf4 Ke6 28. g4 fxg4 29. hxg4 Rg8 30. f3 Rg6 31. Rg1 h6 32. Kh3 h5 33. g5 Nd7 34. Kh4 Ne5 35. Kxh5 Be8 36. Kh4 Nf7 37. Rb4 Bc6 38. Kh5 Rg8 39. Rf4 Be8 40. Kh4 Rh8+ 41. Kg4 Nxg5 42. Rc1 Nh3 43. Rb4 Nf2+ 44. Kg3 Nd3 45. Rb6+ Bc6 46. Rc3 Rg8+ 47. Kh4 Ne5 48. f4 Nf3+ 49. Kh3 Kf5 50. Rb4 Nd2 51. Rc2 Ne4 52. Kh2 Nf6 53. Rg2 Rxg2+ 54. Kxg2 d4+ 55. Kf2 dxe3+ 56. Ke2 Nd5 57. Rd4 Kg4 58. b3 Bb5+ 59. Ke1 Nxf4 60. bxa4 Be2 61. Rb4 Kf3 62. Rxf4+ Kxf4 63. Kxe2 b6 64. a3 Ke4 65. Ke1 Kd3 66. Kd1 Kc3 67. Ke2 Kb3 68. Kxe3 Kxa4 69. Kd2 Kxa3 70. Kc1 Ka2 71. Kc2 b5 72. Kc3 Ka3 73. Kc2 Kb4 74. Kb2 Kc4 75. Kc2 b4 76. Kb2 b3 77. Kb1 Kb4 78. Kb2 Ka4 79. Kb1 Ka3 80. Ka1 b2+ 81. Kb1 Kb3 1/2-1/2

[Event "Mittelfranken-ch QT 52nd"]
[Site "Uttenreuth"]
[Date "2003.04.18"]
[Round "6"]
[White "Maettig, Stefan"]
[Black "Weist, Thorsten"]
[Result "1-0"]
[WhiteElo "1969"]
[BlackElo "1676"]
[PlyCount "85"]
[EventDate "2003.04.16"]
[EventType "swiss"]
[EventRounds "7"]
[EventCountry "GER"]
[SourceTitle "EXT 2015"]
[Source "ChessBase"]
[SourceDate "2014.11.20"]
[SourceVersion "1"]
[SourceVersionDate "2014.11.20"]
[SourceQuality "1"]

1. e4 c5 2. Nf3 Nc6 3. d4 cxd4 4. Nxd4 Nf6 5. Nc3 d6 6. Be2 e5 7. Nb3 Be7 8. 0-0 0-0 9. Bg5 a6 10. Qd2 Qc7 11. Rad1 Ne8 12. Nd5 Qd8 13. Bxe7 Nxe7 14. Qa5 Nc6 15. Qxd8 Nxd8 16. Nb6 Rb8 17. Nc4 Be6 18. Nxd6 Bxb3 19. axb3 Nxd6 20. Rxd6 Ne6 21. Bc4 Nd4 22. c3 Nc6 23. Rfd1 Na5 24. Bd5 g6 25. Rd2 Rfc8 26. Rd7 Rf8 27. Rd3 Kg7 28. Rf3 Rbd8 29. Rfxf7+ Rxf7 30. Rxd8 Rc7 31. Rg8+ Kf6 32. Rf8+ Kg7 33. Re8 b5 34. b4 Nc6 35. Bxc6 Rxc6 36. Rxe5 Rd6 37. Rd5 Rc6 38. f4 Kf6 39. Kf2 h6 40. Rc5 Re6 41. Kf3 g5 42. f5 Rb6 43. g4 1-0

[Event "Mittelfranken-ch QT 52nd"]
[Site "Uttenreuth"]
[Date "2003.04.18"]
[Round "5"]
[White "Weist, Thorsten"]
[Black "Hegele, Juergen"]
[Result "1/2-1/2"]
[WhiteElo "1676"]
[BlackElo "1855"]
[PlyCount "50"]
[EventDate "2003.04.16"]
[EventType "swiss"]
[EventRounds "7"]
[EventCountry "GER"]
[SourceTitle "EXT 2015"]
[Source "ChessBase"]
[SourceDate "2014.11.20"]
[SourceVersion "1"]
[SourceVersionDate "2014.11.20"]
[SourceQuality "1"]

1. d4 Nf6 2. c4 e6 3. Nc3 Bb4 4. a3 Bxc3+ 5. bxc3 c5 6. Nf3 0-0 7. e3 d6 8. Bd3 Nc6 9. 0-0 e5 10. Qc2 Re8 11. Be2 Bg4 12. Rd1 Qc7 13. a4 cxd4 14. cxd4 Bxf3 15. Bxf3 exd4 16. exd4 Nxd4 17. Qd3 Nxf3+ 18. Qxf3 Qxc4 19. Qxb7 Ng4 20. Qf3 Qe2 21. Ba3 Qxf3 22. gxf3 Ne5 23. Kg2 Nc4 24. Bxd6 Re2 25. Bc5 h6 1/2-1/2

[Event "Nuremberg Zabo op 04th"]
[Site "Nuremberg"]
[Date "2002.09.29"]
[Round "4"]
[White "Weist, Thorsten"]
[Black "Tobisch, Manfred"]
[Result "0-1"]
[WhiteElo "1695"]
[BlackElo "1905"]
[PlyCount "56"]
[EventDate "2002.09.27"]
[EventType "swiss"]
[EventRounds "5"]
[EventCountry "GER"]
[SourceTitle "EXT 2003"]
[Source "ChessBase"]
[SourceDate "2002.11.25"]
[SourceVersion "1"]
[SourceVersionDate "2002.11.25"]
[SourceQuality "1"]

1. d4 Nf6 2. c4 d6 3. Nc3 e5 4. dxe5 dxe5 5. Qxd8+ Kxd8 6. Bg5 c6 7. Nf3 Nbd7 8. Rd1 Kc7 9. e3 Bb4 10. Bxf6 gxf6 11. Be2 Nb6 12. 0-0 Bxc3 13. bxc3 Be6 14. Nd2 h6 15. f4 Rad8 16. f5 Bc8 17. Ne4 Rxd1 18. Bxd1 Nxc4 19. Rf3 Rd8 20. Bb3 b5 21. g4 c5 22. Rh3 Bb7 23. Nxc5 Ba8 24. Rxh6 Nxe3 25. Rxf6 Rd2 26. Na6+ Kd8 27. Rxf7 Rg2+ 28. Kh1 Rxg4+ 0-1

[Event "Nuremberg Zabo op 04th"]
[Site "Nuremberg"]
[Date "2002.09.27"]
[Round "1"]
[White "Weist, Thorsten"]
[Black "Roeder, Frank"]
[Result "0-1"]
[WhiteElo "1695"]
[BlackElo "2258"]
[PlyCount "100"]
[EventDate "2002.09.27"]
[EventType "swiss"]
[EventRounds "5"]
[EventCountry "GER"]
[SourceTitle "EXT 2003"]
[Source "ChessBase"]
[SourceDate "2002.11.25"]
[SourceVersion "1"]
[SourceVersionDate "2002.11.25"]
[SourceQuality "1"]

1. d4 d5 2. c4 c6 3. cxd5 cxd5 4. Nc3 e5 5. e3 e4 6. Bb5+ Bd7 7. Bxd7+ Qxd7 8. Nh3 Nf6 9. Nf4 Nc6 10. Bd2 Be7 11. Rc1 0-0 12. 0-0 Rfd8 13. f3 exf3 14. Qxf3 b5 15. Nfxd5 Nxd5 16. Qxf7+ Kh8 17. Nxd5 Rf8 18. Qh5 g6 19. Rxf8+ Rxf8 20. Nf6 Rxf6 21. Qxb5 Qf5 22. Qxf5 gxf5 23. d5 Ne5 24. Rc8+ Rf8 25. Rxf8+ Bxf8 26. Bc3 Bd6 27. h3 Kg8 28. Kf2 Kf7 29. Kg3 Nd7+ 30. Kf3 Nf6 31. Bxf6 Kxf6 32. g4 fxg4+ 33. hxg4 Ke5 34. e4 Bc5 35. a3 Bd4 36. b4 a6 37. a4 Bb6 38. b5 a5 39. d6 Kxd6 40. Kf4 Ke6 41. g5 Bc7+ 42. Kg4 Ke5 43. Kh5 Kxe4 44. Kh6 Bd8 45. Kxh7 Bxg5 46. Kg6 Be3 47. Kf6 Kd5 48. Ke7 Kc5 49. Kd7 Kb4 50. Kc6 Kxa4 0-1

[Event "Mittelfranken-ch QT 50th"]
[Site "Buechenbach"]
[Date "2001.??.??"]
[Round "6"]
[White "Weist, Thorsten"]
[Black "Dorner, Hans"]
[Result "0-1"]
[WhiteElo "1565"]
[BlackElo "1777"]
[PlyCount "50"]
[EventDate "2001.04.11"]
[EventType "swiss"]
[EventRounds "7"]
[EventCountry "GER"]
[SourceTitle "EXT 2015"]
[Source "ChessBase"]
[SourceDate "2014.11.20"]
[SourceVersion "1"]
[SourceVersionDate "2014.11.20"]
[SourceQuality "1"]

1. d4 Nf6 2. c4 g6 3. Nc3 d5 4. cxd5 Nxd5 5. Nf3 Bg7 6. e3 0-0 7. Bc4 Nb6 8. Bb3 Nc6 9. 0-0 Na5 10. Bc2 Nac4 11. b3 Nd6 12. Ba3 c6 13. Rc1 Nd5 14. Nxd5 cxd5 15. Qe2 a6 16. Bd3 Re8 17. Rc2 Nf5 18. Rfc1 Bf8 19. Rc7 Be6 20. Ng5 Bd7 21. Qf3 h6 22. Qxd5 e6 23. Qxb7 Qxg5 24. Rxd7 Bxa3 25. Bxf5 Qxf5 0-1